00400nam a2200157 a 450000100060000000300090000600800410001502000150005604000280007108200090009910000200010824500340012826000470016230000100020965000230021918525CO-ViMGA141112s2004 ck r 000 u spa d a848452051X aCO-ViMGAbspacCO-ViMGA04aGARf1 aGarcía, Queta10aUna fiesta bajo las estrellas aBarcelona (España), cIntermón, c2001 a20.p.14aCUENTOS INFANTILES